000 00414nam a2200169Ia 4500
003 GCL
008 140319s9999 xx 000 0 eng d
040 _aGCL /
_cGCL
082 0 4 _a301
_bE A
100 1 _aEMBER, CAROL
245 1 0 _aANTHROPOLOGY /
_cEMBER, CAROL
700 1 _aEMBER, MELVIN
260 _a[S.N] :
_bPRENTICE HALL OF INDIA ،
_c1995
300 _a558
650 0 4 _aANTHROPOLOGY
942 _2ddc
_cBK
999 _c11028
_d11028